00424nam a22001577a 450000500170000001000150001702000260003203500130005803700130007108200110008410000250009524500500012026000340017027000420020430000200024620140611152217.0 aENG-110144 a9788184302561c250.00 aEN-93676 bDBAD/PUB a954.53 aKunwar, Gopi Krishna aJharkhand quiz book /cby Gopi Krishna Kunwar aNew DelhibOcean Books c2014 a4/19 Asaf Ali RoadbNew Delhie110002 a168p.c22cm(Hb)